000 00266nam a2200109Ia 4500
008 230907s9999||||xx |||||||||||||| ||und||
082 _a621.56
_bDOS
245 0 _aPrinciples of refrigeration /
260 _aPearson,
_bNoida :
_c2006
300 _a528 p.
942 _cBK
999 _c600359
_d600359